00841nam a2200253 i 4500001001000000003000900010005001700019007000300036008004100039020001800080040002500098082002500123100006400148245006000212264004400272300004500316336002700361337003300388338002900421500006400450500002400514650002200538650002700560000046500DO-SdBNP20240530073923.0ta091021s2015 dr a 000 f spa d z9789945410785 aDO-SdBNPbspacBNPHU 4aRD863.44bM896ca2221 a Moscoso Puello, F. E., q (Francisco Eujenio)d1885-195910aCañas y bueyes :bnovela /cFrancisco Moscoso Puello. aSanto Domingo :bLetragráfica,c2015. a196 páginas :bilustraciones ;c23 cm. 2rdacontentatextobtxt 2rdamediaasin mediaciónbn 2rdacarrier avolumenbnc aIncluye datos biográficos del autor en la contracubierta. aEdición abreviada 0aNovela dominicana 0aLiteratura dominicana.